000
00334nam a2200145Ia 4500
008
150201s1995 xx 000 0 und d
082
_a
610.7
_b
U95P
100
_a
PEATIO , P.I.
245
_a
UNDERSTANDING NURSING CARE
250
_a
4TH
260
_b
CHARCHILL
_a
INDIA
_c
1995
300
_a
607
650
_a
NURSING
942
_2
ddc
_c
BK
999
_c
1871
_d
1871